| 000 | 00516 a2200205 4500 | ||
|---|---|---|---|
| 005 | 20260417140639.0 | ||
| 008 | 260417b |||||||| |||| 00| 0 eng d | ||
| 020 |
_a9781138989368 _c£ 50.00 |
||
| 040 | _aMAIN | ||
| 082 |
_a364.9 _bE71G |
||
| 100 | _aEvans, David | ||
| 245 | _aGeography of crime, V3 | ||
| 260 |
_bRoutledge _aNew York _c2014 |
||
| 300 | _axv, 360 | ||
| 650 | _aCriminology | ||
| 650 | _aGeography | ||
| 650 | _aEnvironmental Aspects of Crime | ||
| 700 | _aHerbert, David T | ||
| 942 | _cBK | ||
| 999 |
_c396892 _d396892 |
||